书目信息 |
| 题名: |
影响世界的十八个定律
|
|
| 作者: | 李英伟 编 | |
| 分册: | ||
| 出版信息: | 北京 中国纺织工业出版社 2005.02 |
|
| 页数: | 177页 | |
| 开本: | 22cm | |
| 丛书名: | ||
| 单 册: | ||
| 中图分类: | F270-49 | |
| 科图分类: | ||
| 主题词: | 企业管理--qi ye guan li--通俗读物 | |
| 电子资源: | ||
| ISBN: | 7-5064-3268-4 | |
| 000 | 00815nam0 2200217 450 | |
| 001 | 012006520500 | |
| 005 | 20060921164130.46 | |
| 010 | @a7-5064-3268-4@dCNY24.80 | |
| 100 | @a20060703d2005 km y0chiy0120 ea | |
| 101 | 0 | @achi |
| 102 | @aCN@b110000 | |
| 105 | @ay z 000yy | |
| 200 | 1 | @a影响世界的十八个定律@Aying xiang shi jie de shi ba ge ding lu@f李英伟编@Fli ying wei bian |
| 210 | @a北京@c中国纺织工业出版社@d2005.02 | |
| 215 | @a177页@d22cm | |
| 330 | @a瓦特发明蒸汽机,人类进入了机械动力时代,世界的脚步向前迈出了一大步。同样,人类近代的十八个重大定律,又把世界向前推进了一大步。这18个定律,是谋求幸福生活和成事成功的金科玉律。 | |
| 606 | 0 | @a企业管理@Aqi ye guan li@j通俗读物 |
| 690 | @aF270-49@v4 | |
| 701 | 0 | @a李英伟@Ali ying wei@4编 |
| 801 | 0 | @aCN@bQSSK@c20060921 |
| 905 | @a10447@dF270-49@eL317 | |
| 影响世界的十八个定律/李英伟编.-北京:中国纺织工业出版社,2005.02 |
| 177页;22cm |
| ISBN 7-5064-3268-4:CNY24.80 |
| 瓦特发明蒸汽机,人类进入了机械动力时代,世界的脚步向前迈出了一大步。同样,人类近代的十八个重大定律,又把世界向前推进了一大步。这18个定律,是谋求幸福生活和成事成功的金科玉律。 |
| ● |
| 相关链接 |
|
|
|
正题名:影响世界的十八个定律
索取号:F270-49/L317
 
预约/预借
| 序号 | 登录号 | 条形码 | 馆藏地/架位号 | 状态 | 备注 |
| 1 | 593182 | 205931820 | 社科库409/409社科库 86排1列5层/ [索取号:F270-49/L317] | 在馆 | |
| 2 | 593183 | 205931839 | 社科库409/ [索取号:F270-49/L317] | 在馆 | |
| 3 | 593184 | 205931848 | 社科库409/ [索取号:F270-49/L317] | 在馆 |